BIBLIOTECA

SENCICO

Jardín y arquitectura : guía completa de planificación y plantación del jardín (Registro nro. 2128)

Detalles MARC
000 -LEADER
fixed length control field 00435nam a2200169Ia 4500
005 - DATE AND TIME OF LATEST TRANSACTION
control field 20251020182533.0
008 - FIXED-LENGTH DATA ELEMENTS--GENERAL INFORMATION
fixed length control field 200515s9999 xx 000 0 und d
082 ## - DEWEY DECIMAL CLASSIFICATION NUMBER
Classification number 712.36/B69
100 ## - MAIN ENTRY--PERSONAL NAME
Personal name BOISSET, Caroline
245 #0 - TITLE STATEMENT
Title Jardín y arquitectura : guía completa de planificación y plantación del jardín
260 ## - PUBLICATION, DISTRIBUTION, ETC.
Place of publication, distribution, etc. Barcelona
260 ## - PUBLICATION, DISTRIBUTION, ETC.
Date of publication, distribution, etc. 1993
500 ## - GENERAL NOTE
General note 1 ejemplar
650 ## - SUBJECT ADDED ENTRY--TOPICAL TERM
Topical term or geographic name entry element JARDINES
650 ## - SUBJECT ADDED ENTRY--TOPICAL TERM
Topical term or geographic name entry element LIB
942 ## - ADDED ENTRY ELEMENTS (KOHA)
Koha item type Libros
Existencias
Fecha de la última vez que lo usaron Pago total Signatura topográfica completa Código de barras Precio efectivo desde Tipo de documento Estado perdido Estado dañado No es para préstamo Retirado Ubicación permanente Ubicación actual Fecha de adquisición
15/05/2020   712.36/B69 Bib-Lima15052128 15/05/2020 Libros         Biblioteca Central Lima Biblioteca Central Lima 15/05/2020